On the Number of Cyclic Codes Over Z₃₁ (Record no. 216017)

MARC details
000 -LEADER
fixed length control field 00559nam a22001577a 4500
008 - FIXED-LENGTH DATA ELEMENTS--GENERAL INFORMATION
fixed length control field 250812b |||||||| |||| 00| 0 eng d
050 ## - LIBRARY OF CONGRESS CALL NUMBER
Classification number THE QA 268 .O56 2025
Item number C.1
100 ## - MAIN ENTRY--PERSONAL NAME
Personal name Ondiany, John Joseph O.
245 ## - TITLE STATEMENT
Title On the Number of Cyclic Codes Over Z₃₁
260 ## - PUBLICATION, DISTRIBUTION, ETC.
Place of publication, distribution, etc. Kisii
Name of publisher, distributor, etc. Kisii University
Date of publication, distribution, etc. 2025
300 ## - PHYSICAL DESCRIPTION
Extent xiv, 80p.:ill.
500 ## - GENERAL NOTE
General note Includes bibliographical references
650 ## - SUBJECT ADDED ENTRY
Topical term or geographic name entry element 1. Coding theory. 2. Error-correcting codes (Information theory). 3. Cyclic codes. 4. Z₃₁ (Ring theory).
942 ## - ADDED ENTRY ELEMENTS (KOHA)
Source of classification or shelving scheme Library of Congress Classification
Koha item type Reference
Holdings
Withdrawn status Lost status Source of classification or shelving scheme Damaged status Not for loan Collection Home library Current library Date acquired Inventory number Total checkouts Full call number Barcode Date last seen Copy number Price effective from Koha item type
    Library of Congress Classification     Special Research Kisii University Library Kisii University Library 08/12/2025 109434   THE QA 268 .O56 2025 000000024324 08/12/2025 C.1 08/12/2025 Reference